Sustainable good governance, development and democracy / (Record no. 159409)

MARC details
000 -LEADER
fixed length control field 00673nam a22001937a 4500
005 - DATE AND TIME OF LATEST TRANSACTION
control field 20181217115525.0
010 ## - LCCN (DPL NO)
LC control number ENG-124552
020 ## - INTERNATIONAL STANDARD BOOK NUMBER
Terms of availability 1050.00
International Standard Book Number 9789352808113
035 ## - SYSTEM CONTROL NUMBER
System control number EN-108084
037 ## - SOURCE OF ACQUISITION
Source of stock number/acquisition DBAD/PUB.
082 ## - DEWEY DECIMAL CLASSIFICATION NUMBER
Classification number 320.954
100 ## - MAIN ENTRY--PERSONAL NAME
Personal name Rao, N. Bhaskara
245 ## - TITLE STATEMENT
Title Sustainable good governance, development and democracy /
Statement of responsibility, etc by N. Bhaskara Rao
260 ## - PUBLICATION, DISTRIBUTION, ETC. (IMPRINT)
Place of publication, distribution, etc New Delhi
Name of publisher, distributor, etc Sage Publications India Pvt. Ltd.
Date of publication, distribution, etc 2019
270 ## - ADDRESS
Address B1/I-1, Mohan Cooperative Industrial Area Mathura Road Post Bag 7
City New Delhi
Postal code 110044
300 ## - PHYSICAL DESCRIPTION
Extent xiv,285p.
Dimensions 21cm.(Hb)
500 ## - GENERAL NOTE
General note It includes index and about the author
942 ## - ADDED ENTRY ELEMENTS (KOHA)
Source of classification or shelving scheme Dewey Decimal Classification
Item type English Books
Call number suffix RAO
Classification part 320.954
Holdings
Withdrawn status Lost status Not for loan Collection code Home library Current library Date acquired Source of acquisition Cost, normal purchase price Full call number Barcode Copy number Cost, replacement price Koha item type
    Not For Loan Non-fiction D.B.Act.Division Bawana 17/12/2018 DBAD/PUB 1050.00 320.954 RAO EN-108084 1 1050.00 English Books

© Delhi Public Library
Hit Counter
free hit counter